| 000 | 00742nam a22002417a 4500 | ||
|---|---|---|---|
| 001 | 3657 | ||
| 003 | FISKH | ||
| 005 | 20240403114454.0 | ||
| 008 | 240403b cb ||||| |||| 00| 0 eng d | ||
| 040 |
_aFISK _beng _cFISK _dFISK |
||
| 050 | _aPZ7.S75663 | ||
| 082 | _a371 | ||
| 100 |
_aSpinelli Jerry _d1941- |
||
| 245 |
_aManiac magee / _cJerry Spinelli |
||
| 260 |
_aUnited States of America : _bJerry Spinelli _c1990 |
||
| 300 |
_a184 pages : _c20 cm |
||
| 505 | _aO | ||
| 520 | _aAfter his parents die, Jeffrey Lionel Magee's life becomes legendary, as he accomplishes athletic and other feats which awe his contemporaries. | ||
| 521 | 8 |
_a820 _bLexile |
|
| 700 | _aJerry Spinelli | ||
| 942 |
_2ddc _cBK _n0 |
||
| 999 |
_c3657 _d3657 |
||